| 000 | 00505nam a2200169 a 4500 | ||
|---|---|---|---|
| 001 | 000032959 | ||
| 005 | 20200930065934.0 | ||
| 008 | 110804s1924 dr 000 0 spa d | ||
| 040 |
_aDO-SdBNP _bspa _cBNPHU |
||
| 082 |
_axxx _bG373r, 1924 |
||
| 100 | 1 |
_aGermán, P. M. _958695 |
|
| 245 | 1 | 0 |
_aRarchas de optimismo / _cP. M. Germán. |
| 250 | _a4a ed. | ||
| 260 |
_aSantiago, República Dominicana : _bL. H. Cruz, _c1924. |
||
| 300 |
_a81 p. ; _c24 cm. |
||
| 500 | _aDedicada a la juventud hispano -americana | ||
| 999 |
_c32450 _d32450 |
||